[Event "English Open 2025"]
[Site "Kenilworth ENG"]
[Date "2025.07.18"]
[Round "2.26"]
[White "Ghasi, Ameet K"]
[Black "Schell, Finn"]
[Result "1-0"]
[WhiteTitle "GM"]
[WhiteElo "2511"]
[BlackElo "1995"]
[WhiteFideId "409200"]
[BlackFideId "343406378"]
[EventDate "2025.07.18"]

1. Nf3 d5 2. g3 c5 3. Bg2 Nc6 4. O-O e5 5. d3 Be7 6. Nbd2 Be6 7. e4 d4 8. Nc4
Qc7 9. a4 h5 10. c3 h4 11. cxd4 cxd4 12. Bd2 hxg3 13. hxg3 Bxc4 14. dxc4 Nf6 15.
Ne1 a5 16. Nd3 Nd7 17. Bf3 Nb4 18. Bxb4 Bxb4 19. Kg2 Ra6 20. Rh1 Rah6 21. Rxh6
Rxh6 22. Nxb4 axb4 23. Qd2 Qa5 24. Bg4 Nf8 25. Qg5 Qc7 26. Bf5 f6 27. Qd2 Qa5
28. c5 Nd7 29. Qc2 Nxc5 30. Qc4 Rh8 31. Rc1 b6 32. Qd5 Ke7 33. Rxc5 Qxc5 34.
Qd7+ Kf8 35. Bg6 1-0

[Event "English Open 2025"]
[Site "Kenilworth ENG"]
[Date "2025.07.18"]
[Round "2.27"]
[White "Liu, Tianyi (Jack)"]
[Black "Sefton, Adam"]
[Result "1-0"]
[WhiteElo "2111"]
[BlackElo "2047"]
[WhiteFideId "8627894"]
[BlackFideId "343400965"]
[EventDate "2025.07.18"]

1. e4 e6 2. d4 d5 3. Nc3 Nf6 4. e5 Nfd7 5. f4 c5 6. Nf3 Nc6 7. Be3 cxd4 8. Nxd4
Bc5 9. Qd2 a6 10. O-O-O Nxd4 11. Bxd4 b5 12. Ne4 Be7 13. Nd6+ Bxd6 14. exd6 Nf6
15. Qe3 Qxd6 16. Be2 Bd7 17. g4 O-O-O 18. g5 Ne8 19. Bc5 Qc6 20. Be7 Nd6 21.
Bxd8 Rxd8 22. Bd3 Kb7 23. Qd4 g6 24. h4 Qb6 25. Qe5 b4 26. h5 Bb5 27. Kb1 Bxd3
28. Rxd3 a5 29. Qg7 Qc7 30. Qxh7 Rc8 31. Rc1 gxh5 32. Qxh5 Nc4 33. f5 exf5 34.
Qf3 Qb6 35. Qxd5+ Ka6 36. Qxf5 Rc6 37. Qd5 a4 38. Qd8 Qc5 39. Rd5 Qe3 40. Qa8+
Kb6 41. Qb8+ Ka6 42. Qb5+ 1-0

[Event "English Open 2025"]
[Site "Kenilworth ENG"]
[Date "2025.07.18"]
[Round "2.28"]
[White "Pereslavtsev, Alexandr"]
[Black "Welling, Zac"]
[Result "1-0"]
[WhiteElo "2040"]
[BlackElo "1966"]
[WhiteFideId "343401449"]
[BlackFideId "343414729"]
[EventDate "2025.07.18"]

1. d4 d5 2. c4 c6 3. Nc3 Nf6 4. Nf3 dxc4 5. a4 Bf5 6. e3 e6 7. Bxc4 Bb4 8. O-O
O-O 9. Qe2 Nbd7 10. e4 Bg6 11. e5 Nd5 12. Bd3 Be7 13. Bxg6 hxg6 14. Nxd5 cxd5
15. b3 Nb8 16. Ba3 Nc6 17. Rfc1 Bxa3 18. Rxa3 Qb6 19. Qe3 Rfc8 20. Raa1 Qb4 21.
Rc5 b6 22. Rc3 Ne7 23. Rac1 Rxc3 24. Rxc3 Qa3 25. g4 Rc8 26. Rxc8+ Nxc8 27. Qc3
Qf8 28. Qc7 Qe8 29. Ng5 f6 30. exf6 gxf6 31. Qh7+ Kf8 32. Qh8+ Ke7 33. Qg7+ Kd6
34. Qxf6 a6 35. Qe5+ Kd7 36. Qb8 Nd6 37. Qa7+ Kc6 38. Nf3 Nb7 39. Ne5+ Kc7 40.
Qxa6 Qf8 41. Qxb6+ Kxb6 42. Nd7+ Ka5 43. Nxf8 e5 44. dxe5 d4 45. Kf1 Kb4 46. Ke2
Kc3 47. Kd1 d3 48. e6 Nd6 49. e7 d2 50. f3 g5 51. Ne6 Kd3 52. Nc7 Kc3 53. e8=Q
Nxe8 54. Nxe8 Kd3 55. a5 Ke3 56. a6 Kxf3 57. a7 Kg2 58. a8=Q+ Kh3 59. Qf3+ Kxh2
60. Kxd2 Kg1 61. Qe2 Kh1 62. Ke3 Kg1 63. Kf3 1-0

[Event "English Open 2025"]
[Site "Kenilworth ENG"]
[Date "2025.07.18"]
[Round "2.29"]
[White "Savidge, Daniel"]
[Black "Myall, Ivan J"]
[Result "1/2-1/2"]
[WhiteElo "2141"]
[BlackElo "1948"]
[WhiteFideId "450332"]
[BlackFideId "425168"]
[EventDate "2025.07.18"]

1. e4 g6 2. d4 Bg7 3. Nc3 c5 4. dxc5 Bxc3+ 5. bxc3 Nf6 6. e5 Ne4 7. Qd4 Qa5 8.
Qb4 Qxc5 9. Be3 Qxc3+ 10. Qxc3 Nxc3 11. Bc4 b5 12. Bd3 Bb7 13. Nf3 O-O 14. h4
Be4 15. Bxe4 Nxe4 16. h5 Nc6 17. Rh4 d5 18. Ke2 e6 19. Rah1 g5 20. Nxg5 Nxe5 21.
Nxe4 dxe4 22. Bd4 f6 23. Rxe4 Rac8 24. c3 Rc4 25. Rhh4 Ra4 26. Bxe5 Rxa2+ 27.
Ke3 fxe5 28. Rhg4+ Kh8 29. Rxe5 Rfxf2 30. Rxb5 Rfe2+ 31. Kd3 Rad2+ 32. Kc4 Rd8
33. Rc5 Ra2 34. Kb3 Ra6 35. Rc7 Rb8+ 36. Kc2 Ra2+ 37. Kd3 Rd8+ 38. Ke3 Ra5 39.
Rd4 Rxd4 40. Kxd4 Rd5+ 41. Ke4 Rxh5 42. c4 a5 43. g4 Rg5 44. Kf4 h6 45. Rc6 e5+
46. Kf3 Kg7 47. Rc7+ Kf6 48. Rc6+ Kg7 1/2-1/2

[Event "English Open 2025"]
[Site "Kenilworth ENG"]
[Date "2025.07.18"]
[Round "2.30"]
[White "Marsden, Samuel"]
[Black "Lebedev, Lion"]
[Result "1/2-1/2"]
[WhiteElo "2065"]
[BlackElo "2048"]
[WhiteFideId "343452841"]
[BlackFideId "551005492"]
[EventDate "2025.07.18"]

1. e4 e6 2. d4 d5 3. Bd3 dxe4 4. Bxe4 Nf6 5. Bf3 Nbd7 6. g3 Bd6 7. Ne2 O-O 8.
O-O e5 9. Nbc3 Re8 10. Bg2 c6 11. a4 a5 12. d5 cxd5 13. Nxd5 Nxd5 14. Qxd5 Nf6
15. Qb5 Qc7 16. Nc3 Rb8 17. Be3 Bd7 18. Qd3 Bc5 19. Bg5 Bc6 20. Bxf6 gxf6 21.
Qf5 Bxg2 22. Kxg2 Be7 23. Nd5 Qc6 24. Rad1 Rbd8 25. c4 Kg7 26. Rfe1 Bc5 27. Re4
Qe6 28. Rg4+ Kh8 29. Qh5 Rg8 30. Rh4 Rg7 31. Qh6 Rd6 32. Nc7 Qf5 33. Ne8 Qxf2+
34. Kh3 Qf5+ 35. Kg2 1/2-1/2

[Event "English Open 2025"]
[Site "Kenilworth ENG"]
[Date "2025.07.18"]
[Round "2.31"]
[White "Norris, Zack"]
[Black "Vaddhireddy, Sai"]
[Result "1-0"]
[WhiteElo "2032"]
[BlackElo "1946"]
[WhiteFideId "343431216"]
[BlackFideId "499560"]
[EventDate "2025.07.18"]

1. c4 c6 2. e4 d5 3. cxd5 cxd5 4. exd5 Nf6 5. Nc3 Nxd5 6. Nf3 Nc6 7. Bc4 Nb6 8.
Bb3 Bf5 9. d4 e6 10. O-O Be7 11. Re1 O-O 12. Bf4 Nb4 13. Bg3 Rc8 14. Qe2 N4d5
15. Nxd5 Nxd5 16. Rac1 Qa5 17. Ne5 Rfd8 18. h4 Nf6 19. Rxc8 Rxc8 20. Nxf7 Bb4
21. Nd6 Bxe1 22. Bxe6+ Kf8 23. Nxc8 Bb4 24. a3 1-0

[Event "English Open 2025"]
[Site "Kenilworth ENG"]
[Date "2025.07.18"]
[Round "2.32"]
[White "Gunarathne, Senith Thenula"]
[Black "Verbytski, Oleg"]
[Result "0-1"]
[WhiteElo "1876"]
[BlackElo "1998"]
[WhiteFideId "343104324"]
[BlackFideId "495506"]
[EventDate "2025.07.18"]

1. e4 c5 2. Nf3 e6 3. Nc3 a6 4. a4 Qc7 5. Be2 Nc6 6. d4 cxd4 7. Nxd4 Nf6 8. O-O
Nxd4 9. Qxd4 Bc5 10. Qd3 h6 11. Be3 O-O 12. Qc4 Bd6 13. Qxc7 Bxc7 14. Rfd1 d6
15. Bf4 e5 16. Be3 Be6 17. Nd5 Nxd5 18. exd5 Bd7 19. c4 f5 20. f3 Ba5 21. c5 Bb4
22. cxd6 Bxd6 23. b3 Rac8 24. Rac1 Kf7 25. Bc4 Ke7 26. Bb6 Bb4 27. Rc2 Kd6 28.
Re2 Bxa4 29. f4 e4 30. Bd4 Rxc4 31. bxa4 Rxd4 32. Rxd4 Bc5 33. Rd2 Bxd4+ 34.
Rxd4 Rd8 35. Rd2 Rd7 36. Kf2 Kc5 37. g4 g6 38. Rb2 b5 39. axb5 axb5 40. h4 h5
41. gxh5 gxh5 42. Ke3 Rxd5 43. Rg2 b4 44. Rg8 b3 45. Rc8+ Kb4 46. Rb8+ Rb5 47.
Rc8 b2 48. Rc2 b1=Q 49. Rb2+ Ka5 50. Rb4 Rxb4 51. Kd2 Qd3+ 52. Ke1 Rb1+ 53. Kf2
Qf3# 0-1

[Event "English Open 2025"]
[Site "Kenilworth ENG"]
[Date "2025.07.18"]
[Round "2.33"]
[White "Okhai, Shabir"]
[Black "Keerthi Kumar, Advait"]
[Result "1-0"]
[WhiteElo "2089"]
[BlackElo "1873"]
[WhiteFideId "445134"]
[BlackFideId "498033"]
[EventDate "2025.07.18"]

1. e4 Nf6 2. e5 Nd5 3. c4 Nb6 4. d4 d6 5. f4 dxe5 6. fxe5 c5 7. d5 e6 8. Nc3 Bd7
9. Nf3 Na6 10. Be2 h6 11. O-O Be7 12. Be3 Qc8 13. a4 Qb8 14. Ne4 O-O 15. a5 Nc8
16. d6 Bd8 17. Qe1 Kh8 18. Qd2 Bc6 19. Bd3 Bxe4 20. Bxe4 f5 21. Bb1 Kh7 22. Ne1
h5 23. Nd3 Nxd6 24. exd6 Qxd6 25. Nf4 Qxd2 26. Bxd2 Bf6 27. Nxe6 Rfe8 28. Ng5+
Bxg5 29. Bxg5 g6 30. Ra3 Re2 31. Rd3 Rae8 32. Rd7+ Kg8 33. Rxb7 Nb4 34. Bf6 Rd2
35. Bc3 Rd6 36. Rxa7 Re2 37. h3 Kf8 38. Bxf5 1-0

[Event "English Open 2025"]
[Site "Kenilworth ENG"]
[Date "2025.07.18"]
[Round "2.34"]
[White "Yu, Rock"]
[Black "Clark, Robert G"]
[Result "1-0"]
[WhiteElo "2099"]
[BlackElo "2037"]
[WhiteFideId "489000"]
[BlackFideId "421162"]
[EventDate "2025.07.18"]

1. Nf3 Nf6 2. g3 g6 3. b3 Bg7 4. Bb2 O-O 5. Bg2 d5 6. c4 c6 7. O-O Nbd7 8. d4
Ne4 9. Nfd2 Nxd2 10. Nxd2 Nf6 11. b4 Be6 12. Rc1 Qd7 13. Nf3 dxc4 14. Ne5 Qd6
15. a3 a5 16. Nxc4 Bxc4 17. Rxc4 Nd5 18. bxa5 Rxa5 19. e4 Rb5 20. Bc1 Nb6 21.
Rc2 Qxd4 22. Qe2 Qa4 23. Rd1 Rb3 24. h4 Qb5 25. Qe1 Rd3 26. Bf1 Rxd1 27. Qxd1
Qa4 28. Be3 Nc8 29. Qd3 Nd6 30. Bg2 Qb5 31. Qd1 Qe5 32. Qd3 Ra8 33. Bc5 Nb5 34.
Kh2 Qc7 35. Rd2 b6 36. Be3 Nd6 37. Bf4 Rd8 38. Qa6 e5 39. Bg5 f6 40. Be3 c5 41.
Bh3 Kh8 42. Bg2 Qb7 43. Rxd6 Qxa6 44. Rxd8+ Bf8 45. Bh6 1-0

[Event "English Open 2025"]
[Site "Kenilworth ENG"]
[Date "2025.07.18"]
[Round "2.35"]
[White "Anjulan, Ashwin"]
[Black "Martin, Lewis"]
[Result "1/2-1/2"]
[BlackTitle "FM"]
[WhiteElo "1880"]
[BlackElo "2038"]
[WhiteFideId "343411622"]
[BlackFideId "410551"]
[EventDate "2025.07.18"]

1. e4 c6 2. d4 d5 3. exd5 cxd5 4. Bd3 Nc6 5. c3 Qc7 6. Ne2 g6 7. Bf4 Qb6 8. Qd2
Nf6 9. O-O Bf5 10. Na3 Bxd3 11. Qxd3 a6 12. Nc2 Bg7 13. Ne3 O-O 14. b4 Rac8 15.
a4 e6 16. Bd6 Rfd8 17. Bc5 Qc7 18. b5 Nb8 19. a5 Nfd7 20. Bb4 Bf8 21. Rfc1 Nf6
22. Bxf8 Kxf8 23. c4 dxc4 24. Nxc4 Qe7 25. Nb6 Rxc1+ 26. Rxc1 Qb4 27. Qf3 Kg7
28. h3 Qxa5 29. Qxb7 Qxb5 30. Qc7 Re8 31. Nc8 Qxe2 32. Qxb8 Qd2 33. Rc4 Qe1+ 34.
Kh2 Qxf2 35. Qe5 Qf5 36. Nd6 Qxe5+ 37. dxe5 Rd8 38. exf6+ Kxf6 39. Ne4+ Ke5 40.
Ng5 f6 41. Re4+ Kd5 42. Rxe6 Rd6 43. Rxd6+ Kxd6 44. Ne4+ Ke5 45. Nc3 h5 46. Kg3
g5 47. Kf3 a5 48. Ke3 f5 49. g3 Kd6 50. Kf3 Kc5 51. h4 gxh4 52. gxh4 Kb4 53.
Nd5+ Kc5 54. Nc3 Kb4 55. Nd5+ Kc5 56. Nc3 1/2-1/2

[Event "English Open 2025"]
[Site "Kenilworth ENG"]
[Date "2025.07.18"]
[Round "2.36"]
[White "Clarke, James"]
[Black "Bolt, Graham"]
[Result "1-0"]
[WhiteElo "1941"]
[BlackElo "1942"]
[WhiteFideId "463140"]
[BlackFideId "410438"]
[EventDate "2025.07.18"]

1. e4 g6 2. d4 d5 3. exd5 Qxd5 4. Nf3 Bg7 5. Nc3 Qd8 6. Bc4 Nf6 7. O-O O-O 8. h3
c6 9. Re1 a5 10. a4 Na6 11. Bf4 Nb4 12. Bb3 h6 13. Qd2 Kh7 14. Ne5 e6 15. Rad1
Nbd5 16. Bh2 Nxc3 17. bxc3 Bd7 18. c4 b5 19. Qe2 bxa4 20. Bxa4 Qc8 21. Qf3 Ra6
22. c5 Be8 23. Nc4 Nd5 24. Bd6 Rg8 25. c3 f5 26. Rb1 g5 27. Nb6 Nxb6 28. cxb6
Qb7 29. Rxe6 Rxb6 30. Qxf5+ Kh8 31. Rxb6 Qxb6 32. Bc2 1-0

[Event "English Open 2025"]
[Site "Kenilworth ENG"]
[Date "2025.07.18"]
[Round "2.37"]
[White "Alldritt, Nigel R E"]
[Black "Sasikumar, Srivathsan"]
[Result "0-1"]
[WhiteElo "1918"]
[BlackElo "2038"]
[WhiteFideId "404543"]
[BlackFideId "343401279"]
[EventDate "2025.07.18"]

1. d4 Nf6 2. c4 e6 3. g3 d5 4. Nf3 c6 5. Bg2 Nbd7 6. O-O Be7 7. Nbd2 O-O 8. Qc2
c5 9. cxd5 exd5 10. dxc5 Nxc5 11. Nb3 Nxb3 12. Qxb3 b6 13. Nd4 Bc5 14. Be3 Be6
15. Rfd1 Qd7 16. Nxe6 fxe6 17. Bxc5 bxc5 18. h3 Rab8 19. Qc3 Qb5 20. b3 Rbc8 21.
e3 Qb6 22. Rac1 Nd7 23. Qd2 Qd6 24. f4 Rcd8 25. e4 d4 26. e5 Qe7 27. h4 Nb6 28.
Qa5 Rc8 29. b4 cxb4 30. Rxc8 Rxc8 31. Rxd4 Nc4 32. Qb5 Ne3 33. Rd7 Qf8 34. Bh3
Nf5 35. Bxf5 Qxf5 36. Qd3 Rc1+ 37. Kf2 Rc2+ 38. Ke1 Qxd3 39. Rxd3 Rxa2 40. Rd7
a5 0-1

[Event "English Open 2025"]
[Site "Kenilworth ENG"]
[Date "2025.07.18"]
[Round "2.38"]
[White "Sachdeva, Ronit"]
[Black "Vaidyanathan, Sathya"]
[Result "1-0"]
[WhiteElo "2060"]
[BlackElo "1878"]
[WhiteFideId "343401589"]
[BlackFideId "490539"]
[EventDate "2025.07.18"]

1. e4 e5 2. Nf3 Nc6 3. Bb5 a6 4. Ba4 Nf6 5. O-O d6 6. Re1 Bd7 7. c4 g6 8. d4 Bg7
9. Nc3 O-O 10. Bxc6 Bxc6 11. dxe5 dxe5 12. Bg5 h6 13. Qxd8 Raxd8 14. Bxf6 Bxf6
15. Nd5 Bxd5 16. cxd5 Bg7 17. Rac1 Rd7 18. Nd2 c6 19. Nc4 cxd5 20. Nb6 Rd6 21.
Nxd5 f5 22. f3 fxe4 23. fxe4 Rd7 24. Rf1 Rxf1+ 25. Kxf1 Kf7 26. Ke2 Ke6 27. Rc3
Rf7 28. Rb3 b5 29. Rg3 g5 30. Rc3 Kd6 31. Rc8 Ra7 32. Rb8 Kc5 33. Ke3 Kd6 34.
Rb6+ Kd7 35. Rb8 Kd6 36. Kd3 Kc6 37. Rb6+ Kd7 38. Rg6 Ke8 39. Rxa6 Rxa6 1-0

[Event "English Open 2025"]
[Site "Kenilworth ENG"]
[Date "2025.07.18"]
[Round "2.39"]
[White "Lapidus, Alexey M."]
[Black "Varley, Joe"]
[Result "0-1"]
[WhiteElo "1867"]
[BlackElo "2023"]
[WhiteFideId "24276111"]
[BlackFideId "461962"]
[EventDate "2025.07.18"]

1. e4 c5 2. Nf3 Nc6 3. d4 cxd4 4. Nxd4 Nf6 5. Nc3 e5 6. Ndb5 d6 7. Nd5 Nxd5 8.
exd5 Nb8 9. c4 Be7 10. a4 O-O 11. Bd3 f5 12. O-O a6 13. Nc3 Nd7 14. f3 Nc5 15.
Bc2 a5 16. Be3 Na6 17. Na2 Bf6 18. Rb1 Qc7 19. Qe2 Bd7 20. Rfc1 Rac8 21. Bd1 Nc5
22. b3 e4 23. Bc2 f4 24. Bf2 e3 25. Be1 Be5 26. Bc3 Rce8 27. Bxa5 Qxa5 28. b4
Qc7 29. bxc5 dxc5 30. Rd1 Rf6 31. Qd3 Bf5 32. d6 Qc6 33. Qd5+ Qxd5 34. Rxd5 Bxc2
35. d7 Rd8 36. Rc1 Bd4 37. Kf1 Bb3 38. Nb4 Bb2 39. Rxc5 Bxc1 40. Rc8 Rff8 41.
Nd5 Rxd7 0-1

[Event "English Open 2025"]
[Site "Kenilworth ENG"]
[Date "2025.07.18"]
[Round "2.40"]
[White "Mason, Donald J"]
[Black "Ellson, Louie"]
[Result "1-0"]
[WhiteElo "2011"]
[BlackElo "1854"]
[WhiteFideId "405116"]
[BlackFideId "343442056"]
[EventDate "2025.07.18"]

1. d4 Nf6 2. c4 e6 3. Nc3 d5 4. Bg5 Be7 5. e3 O-O 6. Nf3 c6 7. Qc2 h6 8. Bxf6
Bxf6 9. Rd1 Nd7 10. Be2 dxc4 11. Bxc4 b5 12. Be2 Bb7 13. O-O a6 14. Ne4 Qb6 15.
Nxf6+ Nxf6 16. Ne5 Rac8 17. b4 Rfd8 18. a3 a5 19. Bf3 axb4 20. axb4 Nd5 21. Rb1
Rc7 22. Rfc1 Ne7 23. Nd3 Bc8 24. Qc5 Qxc5 25. Rxc5 Bd7 26. Ra1 Be8 27. Kf1 f6
28. Nf4 Bf7 29. Bg4 Rd6 30. Ra8+ Rc8 31. Rxc8+ Nxc8 32. d5 f5 33. dxe6 fxg4 34.
exf7+ Kxf7 35. Ke2 Ne7 36. Nd3 Rd5 37. Rxd5 Nxd5 38. Ne5+ Ke6 39. Nxc6 Kd6 40.
Nd4 Nxb4 41. Nxb5+ Ke5 42. f4+ Kf6 43. e4 Nc6 44. Ke3 Ne7 45. Nc7 Nc6 46. Nd5+
Ke6 47. Kd3 h5 48. g3 Nd8 49. Kd4 Nc6+ 50. Kc5 Nd8 51. Nb4 g6 52. Nc6 Nb7+ 53.
Kd4 Nd6 54. Nb4 Nc8 55. Kd3 Ne7 56. Nc2 Kd6 57. Nd4 Ng8 58. Kc4 Nh6 59. e5+ Ke7
60. Kd5 Ng8 61. Nc6+ Kd7 62. e6+ Kc7 63. Nd4 Kd8 64. Ke5 Ke7 65. f5 gxf5 66.
Nxf5+ Kf8 67. e7+ Kf7 68. e8=Q+ Kxe8 69. Ng7+ Kf7 70. Nxh5 Kg6 71. Nf4+ Kg5 72.
Ne6+ Kg6 73. Kf4 Nf6 74. Nc5 Kh5 75. Ke5 Nh7 76. Ne4 Kg6 77. Kf4 Kh5 78. Kf5 Nf8
79. Nf6+ Kh6 80. Nxg4+ 1-0

[Event "English Open 2025"]
[Site "Kenilworth ENG"]
[Date "2025.07.19"]
[Round "3.1"]
[White "Vitiugov, Nikita"]
[Black "Willow, Jonah B"]
[Result "1-0"]
[WhiteTitle "GM"]
[BlackTitle "IM"]
[WhiteElo "2671"]
[BlackElo "2457"]
[WhiteFideId "4152956"]
[BlackFideId "438804"]
[EventDate "2025.07.18"]

1. e4 e6 2. d4 d5 3. Nc3 Bb4 4. e5 c5 5. a3 Ba5 6. b4 cxd4 7. Nb5 Bc7 8. f4 Bd7
9. Nxc7+ Qxc7 10. Nf3 Ba4 11. Bd3 Nc6 12. O-O Nge7 13. b5 Na5 14. Nxd4 Qc3 15.
Be3 Nf5 16. Nxf5 exf5 17. Bf2 O-O 18. Bxf5 Bxb5 19. Bd4 Qc4 20. Rf2 Nc6 21. Bb2
d4 22. Qh5 h6 23. Be4 Qe6 24. a4 Bc4 25. Ba3 Rfd8 26. Bd6 g6 27. Qxh6 Rxd6 28.
Rf3 Be2 29. Rh3 Bh5 30. Rxh5 gxh5 31. Bh7+ Kh8 32. Bg6+ Kg8 33. Qh7+ Kf8 34. f5 1-0

[Event "English Open 2025"]
[Site "Kenilworth ENG"]
[Date "2025.07.19"]
[Round "3.2"]
[White "Badacsonyi, Stanley"]
[Black "Adams, Michael"]
[Result "0-1"]
[WhiteTitle "FM"]
[BlackTitle "GM"]
[WhiteElo "2318"]
[BlackElo "2654"]
[WhiteFideId "486973"]
[BlackFideId "400041"]
[EventDate "2025.07.18"]

1. d4 Nf6 2. c4 e6 3. Nc3 d5 4. cxd5 exd5 5. Bg5 c6 6. e3 h6 7. Bh4 Be7 8. Bd3
O-O 9. Nge2 Ne8 10. Bg3 Nd6 11. Qc2 Re8 12. O-O Bf8 13. Rae1 a5 14. Nc1 Na6 15.
a3 b5 16. f3 Nc4 17. Bf2 b4 18. Bxc4 bxc3 19. Bd3 cxb2 20. Qxb2 c5 21. dxc5 Nxc5
22. Be2 Be6 23. Rd1 Rb8 24. Qc2 Qb6 25. Nd3 Qb3 26. Qxb3 Rxb3 27. Nf4 Rxa3 28.
Nxd5 Ra2 29. Nf4 Bb3 30. Ra1 Rxa1 31. Rxa1 a4 32. Bb5 Rb8 33. Bxa4 Nxa4 34. e4
Bd6 35. Ne2 Bc4 36. Ng3 Nc3 37. Nf5 Be5 38. Re1 Rb2 39. g3 Be6 40. Ne7+ Kh7 41.
Nc6 Bc7 42. Be3 Bh3 43. Bf2 Ne2+ 44. Kh1 Nf4 45. Kg1 Nd3 0-1

[Event "English Open 2025"]
[Site "Kenilworth ENG"]
[Date "2025.07.19"]
[Round "3.3"]
[White "Maroroa Jones, Gawain C B"]
[Black "Harvey, Marcus R"]
[Result "1-0"]
[WhiteTitle "GM"]
[BlackTitle "IM"]
[WhiteElo "2653"]
[BlackElo "2445"]
[WhiteFideId "409561"]
[BlackFideId "400092"]
[EventDate "2025.07.18"]

1. c4 Nf6 2. Nc3 e5 3. Nf3 Nc6 4. g3 Bb4 5. Bg2 O-O 6. Nd5 Re8 7. O-O Bf8 8. d3
h6 9. Bd2 d6 10. Nxf6+ Qxf6 11. b4 a6 12. a4 e4 13. dxe4 Rxe4 14. b5 Nd8 15. Rc1
axb5 16. cxb5 Qe7 17. a5 Rxe2 18. Rxc7 Rxd2 19. Qc1 Rd5 20. Rxe7 Bxe7 21. Qc7
Kf8 22. a6 Rxb5 23. a7 Nc6 24. Re1 Be6 25. Nd4 Bd8 26. Qxd6+ Be7 27. Qf4 Rb4 28.
Bxc6 1-0

[Event "English Open 2025"]
[Site "Kenilworth ENG"]
[Date "2025.07.19"]
[Round "3.4"]
[White "Merry, Alan B"]
[Black "Royal, Shreyas"]
[Result "0-1"]
[WhiteTitle "IM"]
[BlackTitle "GM"]
[WhiteElo "2400"]
[BlackElo "2484"]
[WhiteFideId "418811"]
[BlackFideId "448869"]
[EventDate "2025.07.18"]

1. d4 Nf6 2. c4 e6 3. g3 d5 4. Nf3 Be7 5. Bg2 O-O 6. O-O dxc4 7. Qc2 b5 8. a4 b4
9. Nfd2 Nd5 10. Nxc4 c5 11. dxc5 Bxc5 12. Rd1 Nd7 13. e4 N5b6 14. e5 Ba6 15.
Nxb6 axb6 16. Bxa8 Qxa8 17. Rxd7 Qf3 18. Bf4 Be2 19. Qxc5 bxc5 20. Nd2 Qa8 21.
b3 h5 22. h4 Rc8 23. a5 Ba6 24. Rd6 Rd8 25. Be3 Rxd6 26. exd6 Qd5 27. Rc1 Bb7
28. f3 Qxd6 29. Kf2 Qd3 30. Rxc5 Ba6 31. Re5 f6 32. Rxe6 Qe2+ 33. Kg1 Kf7 34.
Re4 Bb7 35. Bf4 Bxe4 36. fxe4 Ke6 37. Nf1 Qxe4 38. a6 Qa8 39. Bd2 Qxa6 0-1

[Event "English Open 2025"]
[Site "Kenilworth ENG"]
[Date "2025.07.19"]
[Round "3.5"]
[White "Wadsworth, Matthew J"]
[Black "Shearsby, Jude"]
[Result "1/2-1/2"]
[WhiteTitle "IM"]
[BlackTitle "CM"]
[WhiteElo "2476"]
[BlackElo "2224"]
[WhiteFideId "415804"]
[BlackFideId "462527"]
[EventDate "2025.07.18"]

1. d4 Nf6 2. c4 e6 3. Nf3 Bb4+ 4. Nbd2 d5 5. Qa4+ Nc6 6. a3 Be7 7. e3 O-O 8. Qc2
Re8 9. Bd3 h6 10. O-O Bf8 11. b4 a6 12. Bb2 g6 13. Rac1 dxc4 14. Nxc4 Bg7 15.
Nce5 Nxe5 16. dxe5 Nd5 17. Rfd1 Bd7 18. e4 Nf4 19. Bf1 g5 20. Rd2 Qc8 21. Rcd1
Re7 22. h4 g4 23. Nh2 h5 24. g3 Ng6 25. f4 Qe8 26. Bc4 a5 27. bxa5 Rxa5 28. Bc3
Ba4 29. Bb3 Qb5 30. Rd8+ Kh7 31. Bxa4 Rxa4 32. Bb4 Rxb4 33. axb4 Qxb4 34. Nf1 c5
35. Rb1 Qa5 36. Qd2 Qa4 37. Rc1 b6 38. Qc2 Qa5 39. Qc3 Qa4 40. Nd2 Qc6 41. Qd3
Qc7 42. Qd6 Qa7 43. Qd3 Qc7 44. Rb1 Qa7 45. Nc4 Qa2 46. Rxb6 Ra7 47. Rb2 Qa1+
48. Rb1 Qa2 49. Rdb8 Ra4 50. R8b3 Bxe5 51. Nxe5 Nxe5 52. fxe5 c4 53. Qf1 cxb3
54. Qxf7+ Kh8 55. Qxh5+ Kg7 56. Qxg4+ Kh7 57. Qh5+ Kg7 58. Qg5+ Kh7 59. Qe7+ Kh8
60. Qf6+ Kh7 61. Qe7+ Kh8 62. Qe8+ Kh7 63. Qd7+ Kh8 64. Qc8+ Kg7 65. Qb7+ Kg6
66. Qxb3 Qxb3 67. Rxb3 Rxe4 68. Kf2 Rxe5 69. g4 Re4 70. Kf3 Ra4 71. Re3 Kf6 72.
Re4 Ra1 73. g5+ Kf5 74. Rf4+ Ke5 75. Rg4 Ra3+ 76. Kg2 Kf5 77. Rg3 Ra2+ 78. Kh3
Kg6 79. Re3 Kh5 80. Kg3 Ra4 81. Rxe6 Rg4+ 82. Kf3 Kxh4 83. g6 Rg1 84. Kf4 Kh5
85. Re8 Rxg6 1/2-1/2

[Event "English Open 2025"]
[Site "Kenilworth ENG"]
[Date "2025.07.19"]
[Round "3.6"]
[White "Saunders, Aron"]
[Black "Roberson, Peter T"]
[Result "0-1"]
[BlackTitle "IM"]
[WhiteElo "2135"]
[BlackElo "2433"]
[WhiteFideId "469343"]
[BlackFideId "412384"]
[EventDate "2025.07.18"]

1. e4 c5 2. Nf3 d6 3. Bb5+ Nd7 4. d4 cxd4 5. Qxd4 a6 6. Be2 e5 7. Qe3 Ngf6 8.
O-O Nc5 9. Nc3 Be7 10. b4 Ne6 11. Rd1 Qc7 12. a4 O-O 13. Ba3 Nf4 14. Bf1 Be6 15.
b5 Rfc8 16. Bb4 Ng4 17. Qd2 a5 18. b6 Qxb6 19. Ba3 Rxc3 20. h3 Qxf2+ 21. Qxf2
Nxf2 22. Kxf2 Rxc2+ 23. Rd2 Rac8 24. Rb1 Rxd2+ 25. Nxd2 Rc3 26. Rxb7 Rxa3 27.
Rxe7 Kf8 28. Ra7 Rxa4 29. Ra6 Ra2 30. Ke3 d5 31. exd5 Nxd5+ 32. Ke2 g6 0-1

[Event "English Open 2025"]
[Site "Kenilworth ENG"]
[Date "2025.07.19"]
[Round "3.7"]
[White "Clarke, Brandon G I"]
[Black "Cont, Arya"]
[Result "1-0"]
[WhiteTitle "IM"]
[WhiteElo "2500"]
[BlackElo "2090"]
[WhiteFideId "400319"]
[BlackFideId "26100363"]
[EventDate "2025.07.18"]

1. e4 e5 2. Nf3 Nc6 3. Bc4 Bc5 4. c3 Nf6 5. d4 exd4 6. O-O Nxe4 7. cxd4 d5 8.
dxc5 dxc4 9. Qe2 Qd3 10. Re1 f5 11. Nc3 O-O 12. Nxe4 fxe4 13. Qxe4 Nb4 14. Bf4
Bf5 15. Qxb7 Rab8 16. Qxc7 Nc2 17. Re7 Rbe8 18. Rxg7+ 1-0